| 000 | 01985nam a2200325 i 4500 | ||
|---|---|---|---|
| 003 | EG-GICUC | ||
| 005 | 20260427121715.0 | ||
| 008 | 260427s1968 au ||||fr|||| 00| 0 ara d | ||
| 040 |
_a EG-GICUC _bara _c EG-GICUC _d EG-GICUC _erda |
||
| 041 | 0 | _aara | |
| 082 | 0 | 4 |
_221 _a345.6651 _bع ب . ح |
| 092 | 0 | 4 | _221 |
| 099 | _aLaw1 07 345.6651 ع ب . ح - 1 ed 1968 | ||
| 100 | 0 |
_aعبد المنعم حسني _eAuthor. |
|
| 245 | 1 | 2 |
_aالحجز الإداري : _b( علمًا وعملا ) / _cعبد المنعم حسني . |
| 250 | _aالطبعة الأولى | ||
| 264 | 1 |
_aمصر : _b[الناشر غير محدد]، _c1968-1967. |
|
| 300 |
_a779 صفحة ؛ _c24 سم |
||
| 336 |
_2rda content _atext |
||
| 337 |
_2rda media _aComputer |
||
| 338 |
_2rda carrier _aOnline Resource |
||
| 500 | _aيوجد في نهاية الكتاب فهرس تفصيلي يتمثل في 32 صفحة | ||
| 505 | _aيتضمن : شرح واف ودراسة لمواد القانون رقم 308 لسنة 1955 في شأن الحجز الإداري والقوانين المعدلة والقرارات الوزارية الصادرة تنفيذًا لأحكامه. التعليق على هذه المواد بأراء الشراح والفقهاء وأحكام المحاكم على اختلاف درجاتها وفتاوي مجلس الدولة وتعليمات مصلحتي الضرائب والأموال المقررة والهيئة العامة للتأمينات الاجتماعية. التعديلات التي أدخلها مشروع قانون المرافعات المدنية والتجارية الجديد على أحكام وإجراءات التنفيذ في قانون المرافعات القائم. | ||
| 546 | _aالنص باللغة العربية | ||
| 650 | 1 | 4 |
_aالإجراءات الإدارية في القضاء _2qrmak |
| 651 | 1 | _2qrmak | |
| 856 | 4 | 0 | _uhttps://fll.law.cu.edu.eg/fulltext/bks/B07-01514.pdf |
| 905 | _a165 | ||
| 942 |
_2ddc _cBK _e21 _n0 |
||
| 999 |
_c73674 _d73674 |
||